000 01693cam a22004334i 4500
003 PE-LiUPU
005 20250731173238.0
008 150625s1961 r 000 0 d
035 _a(Sirsi) a35187
040 _aPE-LiUPU
_bspa
_cPE-LiUPU
_erda
082 0 4 _a236
_bV92
_221
100 1 _aVos, Geerhardus,
_eautor.
245 1 4 _aThe pauline eschatology /
_cGeerhardus Vos.
264 1 _aGran Rapids, Michigan :
_bEerdmans,
_c[1961]
300 _a365 pages ;
_c22 centimeters
336 _atext
_2rdacontent
337 _aunmediated
_2rdamedia
338 _avolume
_2rdacarrier
505 0 _aThe structure of the Pauline eschatology -- The interaction between eschatology and soteriology -- The religious and ethical motivation of Paul's eschatology -- Eschatalogy of the psalter.
526 _aSEG42
526 _aSEG41
526 _aSEG40
526 _aSEG39
526 _aP94
526 _aP87
526 _aP86
526 _aP85
526 _aP77
526 _aP76
526 _aP35
910 _ajck
_bncf
_cncf
_d20170503
942 _2ddc
_cBOOK
949 _a236 V92
_wDEWEY
_c1
_i11075
_lCCODEBUL1
_mBUL
_p00.00
_r0
_sY
_tBOOK
_u2015-06-25
_xBIBLIOTECA
_zUNKNOWN
_0COMPRA
_o.STAFF. Colección General
596 _a1
999 _a236 V92
_wDEWEY
_c43126
_i11075
_f2021-11-29
_g5
_lCCODEBUL1
_mBUL
_r0
_sY
_tBOOK
_u2015-6-25
_xTEOLOGIA
_zUNKNOWN
_0COMPRA
_o.STAFF. Colección General
_d43126
999 _a236 V92
_wDEWEY
_c2
_i75735
_f2021-11-30
_g4
_lCCODEBUL1
_mBUL
_p10.00
_r0
_sY
_tBOOK
_u2017-5-3
_xTEOLOGIA
_PP85
_0DONACION
_o.STAFF. Colección Teologia
980 _81
_gALBERTO SANCHEZ Responsable de Automatización